000 00332nam a2200145Ia 4500
005 20251222140040.0
008 251222s1900||||xx |||||||||||||| ||spa||
020 _a8432056790
082 _a282.46/M43
100 _aMérida, María
245 0 _aEntrevista con la Iglesia:
250 _a1ra.ed.
264 _bPlaneta
942 _cLIB
999 _c3264
_d3264